000 00768nam a22002417a 4500
003 URS
005 20240806222337.0
008 240806b |||||||| |||| 00| 0 eng d
020 _a978-0-07-110225-4
040 _bEnglish
_cURS
_erda
050 _aQD251.3
_b.C188 2008
100 _aCarey, Francis A.,
_eauthor.
245 _aOrganic chemistry /
_cFrancis A. Carey.
250 _aSeventh edition.
264 _aNew York :
_bMcGraw-Hill Higher Education,
_c©2008.
300 _aviii, 1229 pages :
_ccolor illustrations ;
_b29 cm.
336 _2rdacontent
_atext
_btxt
337 _2rdamedia
_aunmediated
_bn
338 _2rdacarrier
_avolume
_bnc
504 _aIncludes bibliographical references and index.
650 0 _aChemistry, Organic.
_91441
942 _cFR
_2lcc
999 _c80748
_d80747